00298nam a2200121Ia 4500008004100000100001500041245003500056260002900091300000800120650002600128942000700154999001500161190216s9999||||xx |||||||||||||| ||und|| aShailaja G 0aInternational Finance 2nd Edn bUniversities Pressc2011 a517 aInternational Finance cBK c8070d8070